[Event "Presolana op 35th"]
[Site "Presolana"]
[Date "2015.08.30"]
[Round "8"]
[White "Prete, Alessandro"]
[Black "Foglieni, Matteo"]
[Result "1/2-1/2"]
[WhiteElo "1963"]
[BlackElo "1969"]
[PlyCount "44"]
[EventDate "2015.08.23"]
[EventType "swiss"]
[EventRounds "8"]
[EventCountry "ITA"]
[SourceTitle "EXT 2024"]
[Source "ChessBase"]
[SourceDate "2023.10.10"]
[SourceVersion "1"]
[SourceVersionDate "2023.10.10"]
[SourceQuality "1"]

1. d4 f5 2. Bg5 g6 3. Nd2 Bg7 4. e4 fxe4 5. Nxe4 d5 6. Nc5 Qd6 7. Nf3 Nd7 8. Nd3 Nh6 9. c3 0-0 10. Qe2 e6 11. g3 c5 12. Bf4 Qc6 13. Bg2 b6 14. Nde5 Qa4 15. Qd1 Qb5 16. Qd2 Nf7 17. a4 Qa6 18. Bf1 Ndxe5 19. Nxe5 Qb7 20. Nxf7 Qxf7 21. Bg2 Ba6 22. Bd6 cxd4 1/2-1/2

[Event "Bratto op-B 34th"]
[Site "Bratto"]
[Date "2014.08.29"]
[Round "7"]
[White "Bex, Lennert"]
[Black "Foglieni, Matteo"]
[Result "1/2-1/2"]
[WhiteElo "1882"]
[BlackElo "1961"]
[PlyCount "70"]
[EventDate "2014.08.23"]
[EventType "swiss"]
[EventRounds "8"]
[EventCountry "ITA"]
[SourceTitle "EXT 2017"]
[Source "ChessBase"]
[SourceDate "2016.10.25"]
[SourceVersion "1"]
[SourceVersionDate "2016.10.25"]
[SourceQuality "1"]

1. c4 c5 2. Nc3 Nc6 3. g3 g6 4. Bg2 Bg7 5. d3 d6 6. e3 e5 7. Nge2 Nge7 8. a3 a5 9. Bd2 Be6 10. Nd5 Bxd5 11. cxd5 Nb8 12. e4 Nd7 13. Qc1 0-0 14. Bh6 b5 15. h4 Bxh6 16. Qxh6 Kh8 17. h5 Ng8 18. Qd2 g5 19. Bh3 h6 20. 0-0 a4 21. Nc3 Rb8 22. Qc2 Ngf6 23. Qe2 Rg8 24. Bf5 Ne8 25. Bxd7 Qxd7 26. g4 Nc7 27. f3 Rb7 28. Qc2 Ra8 29. b3 axb3 30. Qxb3 Rba7 31. Ra2 Ra5 32. Rfa1 Kg7 33. Kf2 R8a7 34. Ke2 Qd8 35. Qb2 Qd7 1/2-1/2

[Event "Bratto op-B 34th"]
[Site "Bratto"]
[Date "2014.08.26"]
[Round "4"]
[White "Foglieni, Matteo"]
[Black "Romagnoli, Thomas"]
[Result "1/2-1/2"]
[WhiteElo "1961"]
[BlackElo "1708"]
[PlyCount "81"]
[EventDate "2014.08.23"]
[EventType "swiss"]
[EventRounds "8"]
[EventCountry "ITA"]
[SourceTitle "EXT 2017"]
[Source "ChessBase"]
[SourceDate "2016.10.25"]
[SourceVersion "1"]
[SourceVersionDate "2016.10.25"]
[SourceQuality "1"]

1. Nf3 Nf6 2. g3 c5 3. Bg2 Nc6 4. 0-0 b6 5. d3 Bb7 6. e4 e6 7. Re1 Be7 8. Nbd2 d6 9. b3 0-0 10. Bb2 Nd7 11. Nc4 d5 12. Ncd2 Re8 13. Nf1 Bf6 14. e5 Be7 15. c3 f6 16. d4 fxe5 17. dxe5 g6 18. Bc1 Bf8 19. h4 Bg7 20. Bf4 Qe7 21. N1h2 Qf8 22. Qd2 Ne7 23. g4 Nc6 24. Bh3 Kh8 25. g5 Qf7 26. Ng4 Rf8 27. Nf6 Rad8 28. Rad1 Bc8 29. Qc2 Nxf6 30. gxf6 Bxf6 31. exf6 Qxf6 32. Be5 Nxe5 33. Nxe5 Qxh4 34. Re3 Rf6 35. Bg2 Rdf8 36. Rf3 Rxf3 37. Nxf3 Qg4 38. Ne5 Qf4 39. Qc1 Qxf2+ 40. Kh2 Qh4+ 41. Kg1 1/2-1/2

[Event "Treviglio Province-ch"]
[Site "Treviglio"]
[Date "2014.01.26"]
[Round "6"]
[White "Ventura, Salvatore"]
[Black "Foglieni, Matteo"]
[Result "1/2-1/2"]
[WhiteElo "2045"]
[BlackElo "1853"]
[PlyCount "123"]
[EventDate "2014.01.18"]
[EventType "swiss"]
[EventRounds "6"]
[EventCountry "ITA"]
[SourceTitle "EXT 2016"]
[Source "ChessBase"]
[SourceDate "2015.10.08"]
[SourceVersion "1"]
[SourceVersionDate "2015.10.08"]
[SourceQuality "1"]

1. e4 c6 2. d4 d5 3. Nc3 dxe4 4. Nxe4 Bf5 5. Ng3 Bg6 6. h4 h6 7. Nf3 Nd7 8. h5 Bh7 9. Bd3 Bxd3 10. Qxd3 Qc7 11. Bd2 Ngf6 12. 0-0-0 e6 13. Ne4 Nxe4 14. Qxe4 Nf6 15. Qe2 0-0-0 16. g3 c5 17. dxc5 Bxc5 18. Rh4 Kb8 19. Rc4 Qe7 20. Qe5+ Bd6 21. Qa5 Bc7 22. Rxc7 Qxc7 23. Bf4 Rxd1+ 24. Kxd1 Rd8+ 25. Kc1 Rd6 26. Qb4 Ne8 27. Nd2 f6 28. Ne4 e5 29. Nxd6 Qxd6 30. Qxd6+ Nxd6 31. Be3 Kc7 32. Kd2 b6 33. g4 Kc6 34. b3 f5 35. gxf5 Nxf5 36. Kd3 Kd5 37. c4+ Ke6 38. b4 Ne7 39. Ke4 Ng8 40. c5 Nf6+ 41. Kd3 bxc5 42. Bxc5 a6 43. Kc4 Nxh5 44. b5 axb5+ 45. Kxb5 Nf6 46. a4 Kd7 47. Bf8 Ne8 48. a5 h5 49. f3 h4 50. Bc5 Nc7+ 51. Kb6 h3 52. Bg1 g5 53. Bh2 g4 54. fxg4 e4 55. Bxc7 e3 56. a6 e2 57. a7 e1Q 58. a8Q Qb4+ 59. Ka6 Kxc7 60. Qa7+ Kd6 61. Qg7 Qa4+ 62. Kb6 1/2-1/2

[Event "Treviglio Province-ch"]
[Site "Treviglio"]
[Date "2014.01.19"]
[Round "3"]
[White "Leoni, Livio"]
[Black "Foglieni, Matteo"]
[Result "0-1"]
[WhiteElo "2052"]
[BlackElo "1853"]
[PlyCount "64"]
[EventDate "2014.01.18"]
[EventType "swiss"]
[EventRounds "6"]
[EventCountry "ITA"]
[SourceTitle "EXT 2016"]
[Source "ChessBase"]
[SourceDate "2015.10.08"]
[SourceVersion "1"]
[SourceVersionDate "2015.10.08"]
[SourceQuality "1"]

1. e4 c6 2. d4 d5 3. e5 Bf5 4. h4 h5 5. c4 dxc4 6. Bxc4 e6 7. Bg5 Be7 8. Qd2 Nd7 9. Nc3 Nb6 10. Bb3 Bxg5 11. hxg5 Ne7 12. Nge2 Qc7 13. Ng3 0-0-0 14. Qf4 Bg6 15. 0-0 Nbd5 16. Qf3 Kb8 17. Rfd1 h4 18. Nge2 Nf5 19. Rac1 Qe7 20. Nxd5 cxd5 21. Qf4 Rh5 22. Rc3 Rc8 23. Rxc8+ Kxc8 24. Qc1+ Qc7 25. Qd2 Kb8 26. Rc1 Qd8 27. f4 Ng3 28. Nc3 h3 29. Kh2 Ne4 30. Nxe4 hxg2+ 31. Kxg2 Bxe4+ 32. Kg3 Qh8 0-1

[Event "Treviglio Province-ch"]
[Site "Treviglio"]
[Date "2014.01.18"]
[Round "1"]
[White "Tedoldi, Guido"]
[Black "Foglieni, Matteo"]
[Result "0-1"]
[WhiteElo "1539"]
[BlackElo "1853"]
[PlyCount "68"]
[EventDate "2014.01.18"]
[EventType "swiss"]
[EventRounds "6"]
[EventCountry "ITA"]
[SourceTitle "EXT 2016"]
[Source "ChessBase"]
[SourceDate "2015.10.08"]
[SourceVersion "1"]
[SourceVersionDate "2015.10.08"]
[SourceQuality "1"]

1. c4 f5 2. d4 Nf6 3. Nc3 e6 4. Nf3 Be7 5. e3 0-0 6. Bd3 b6 7. 0-0 Bb7 8. Re1 Ne4 9. Bxe4 fxe4 10. Nd2 d5 11. cxd5 exd5 12. f3 Bd6 13. fxe4 Bxh2+ 14. Kxh2 Qh4+ 15. Kg1 Qf2+ 16. Kh1 Rf6 17. Nf3 Rh6+ 18. Nh2 Qg3 19. Kg1 Qxh2+ 20. Kf2 Rf6+ 21. Ke2 Qxg2+ 22. Kd3 dxe4+ 23. Kc4 Nc6 24. b4 Raf8 25. Nd5 Rf1 26. Bd2 Ne5+ 27. dxe5 Bxd5+ 28. Kc3 Rxe1 29. Bxe1 c6 30. a4 Qg5 31. Bd2 Qxe5+ 32. Kc2 Rf2 33. Ra3 Bc4 34. Kc1 Be2 0-1

[Event "Bratto op-B 33rd"]
[Site "Bratto"]
[Date "2013.08.22"]
[Round "5"]
[White "Boccalatte, Piero"]
[Black "Foglieni, Matteo"]
[Result "1/2-1/2"]
[WhiteElo "1972"]
[BlackElo "1809"]
[PlyCount "86"]
[EventDate "2013.08.18"]
[EventType "swiss"]
[EventRounds "8"]
[EventCountry "ITA"]
[SourceTitle "EXT 2015"]
[Source "ChessBase"]
[SourceDate "2014.11.20"]
[SourceVersion "1"]
[SourceVersionDate "2014.11.20"]
[SourceQuality "1"]

1. d4 f5 2. g3 Nf6 3. c4 e6 4. Bg2 Be7 5. Nh3 d6 6. b3 0-0 7. Bb2 Re8 8. 0-0 Bf8 9. Nf4 Nbd7 10. Nd3 c6 11. Nd2 e5 12. dxe5 dxe5 13. e4 Nc5 14. Nxc5 Bxc5 15. Qc2 g6 16. Rad1 Qb6 17. Bf3 f4 18. gxf4 Ng4 19. Bxg4 Bxg4 20. Rde1 Rad8 21. Bxe5 Rxe5 22. fxe5 Rf8 23. Nb1 Bh3 24. Nc3 Rf4 25. Kh1 Bxf2 26. Qd3 Bg4 27. Na4 Qc7 28. Rxf2 Rxf2 29. Qg3 Bf3+ 30. Kg1 Rg2+ 31. Qxg2 Bxg2 32. Kxg2 Qxe5 33. Re2 Qh5 34. Kf1 Qf3+ 35. Ke1 g5 36. e5 Qh1+ 37. Kd2 Kf7 38. e6+ Ke7 39. Nc3 Qf3 40. Nd1 Qf4+ 41. Kd3 Qf3+ 42. Kd2 Qf4+ 43. Kd3 Qf3+ 1/2-1/2